000 00738nam a2200181Ia 4500
008 090124s9999 xx 000 0 und d
082 _b110845
100 _aपेण्ढारकर य. दि. (यशवन्त दिनकर)
245 _a समर्थ रामदास : एक अभ्यास
250 _a1
260 _c1964
300 _a11+267
600 _aपेण्ढारकर य. दि. (यशवन्त दिनकर)
630 _a समर्थ रामदास : एक अभ्यास
700 _aपेण्ढारकर य. दि. (यशवन्त दिनकर)
730 _a समर्थ रामदास : एक अभ्यास
942 _cBOOK
999 _c156936
_d156936